000 00775nam a2200241 i 4500
001 124463
003 ES-MaACL
005 20251108134030.0
007 t|
008 070327s1927 sp ||||1| spa d
080 _a53(022)
100 1 _aLang, Robert August Heinrich.
_970003
245 1 0 _aFísica experimental /
_cRoberto Lang y Blas Cabrera ; traducción directa del alemán por Rodrigo Gil.
260 _aBarcelona :
_bLabor,
_c[1927]
300 _a2 v. :
_bil. ;
_c17 cm.
490 1 _aColección Labor ;
_v117, 118, 340, 341
700 1 _aCabrera, Blas,
_d1878-1945
_933279
700 1 _aGil, Rodrigo.
_956753
830 0 0 _aColección Labor
_v117, 118, 340, 341
_9184254
852 _aES-MaACL
_jE-2648
852 _aES-MaACL
_jE-2824
999 _c124463
_d124463